LEADER 01143nam a2200289 i 4500 001 000000229609 003 CaOOAMICUS 005 20211021163657.0 008 140514s1980 it u000 u ita u 013 $a208511 040 $aSeMil$bita 100 1 $aCarpenter, Humphrey,$d<1946-2005>.$0(OLS)http://semarc/name/18002 245 10$aGesł /$cdi Humphrey Carpenter ; traduzione dall'inglese di Anna Colombo. 264 1$aMilano :$bDall'Oglio,$c1980. 300 $a150 p. ;$c18 cm. 490 1 $aMaestri del passato 490 1 $aI corvi : collana universale moderna ;$v199. 650 4$aGesł Cristo - Gesł storico.$0(OLS)http://semarc/subject/742 700 1 $aColombo, Anna.$0(OLS)http://semarc/name/15552 830 0$aMaestri del passato.$0(OLS)http://semarc/title/12042 830 2$aI corvi ;$v199.$0(OLS)http://semarc/title/12990 850 $aSeMil 852 $aSeMil$W1$xVenegono$y1$m2Z I 229$j179955$B179955$CSeMilBibl$Z2$F191066 $81 961 $aRecupero: Altro 996 $6245$aGesł$9(OLS)http://semarc/title/64786 996 $6264$aMilano :$bDall'Oglio$9(OLS)http://semarc/publisher/30217 LEADER 00958nam a2200217 i 4500 001 000000188689 003 CaOOAMICUS 005 20100419000000.0 008 100419s1920 it u000 u ita u 013 $a166905 040 $aSeMil$bita 100 1 $aFouard, Constant Henri,$d<1837-1904>.$0(OLS)http://semarc/name/7951 245 10$aVol. 2 /$cG. Fouard. 250 $a2. ed. con introduzione sul valore storico dei Vangeli. 260 $aCatania ; Milano ; Parma :$bSocietą Editrice Internazionale,$c1920. 300 $a409 p. :$bill. ;$c21 cm. 773 0 $aFouard, Constant Henri, <1837-1904>$tVita di N.S. Gesł Cristo.$dTorino : Societą Editrice Internazionale $g2$w()17400 850 $aSeMil 852 $aSeMil$W1$xVenegono$y1$m2X IV 75$j139326$B139326$CSeMilBibl$Z2$F150937 $81 996 $6245$aVol. 2$9(OLS)http://semarc/title/54073 996 $6260$aCatania ; Milano ; Parma :$bSocietą Editrice Internazionale$9(OLS)http://semarc/publisher/34383